[Event "Queen's Gambit"]
[Site "SchemingMind.com"]
[Date "2008.03.15"]
[Round "-"]
[White "maaac"]
[Black "TRFz"]
[Result "1-0"]
[WhiteCountry "AUS"]
[BlackCountry "GBR"]
[WhiteElo "1912"]
[WhiteRD "71"]
[BlackElo "2083"]
[BlackRD "55"]
[GameID "145966"]

1. d4 d5 2. c4 e5 3. dxe5 d4 4. Nf3 Nc6 5. g3 Bf5 6. Bg2 Qd7 7. O-O O-O-O 8. a3 Bh3 9. e6 Bxe6 10. Nbd2 Be7
11. b4 h5 12. b5 Na5 13. Qa4 b6 14. Ne5 Qd6 15. Nc6 Nxc6 16. Bxc6 Kb8 17. Ne4 Qe5 18. Bf4 Qf5 19. Bxc7+ Kxc7 20. Qxa7+
1-0

[Event "Queen's Gambit"]
[Site "SchemingMind.com"]
[Date "2008.03.15"]
[Round "-"]
[White "TRFz"]
[Black "maaac"]
[Result "1/2-1/2"]
[WhiteCountry "GBR"]
[BlackCountry "AUS"]
[WhiteElo "2083"]
[WhiteRD "55"]
[BlackElo "1912"]
[BlackRD "71"]
[GameID "145967"]

1. d4 d5 2. c4 e6 3. Nc3 Be7 4. Nf3 Nf6 5. Bg5 O-O 6. e3 h6 7. Bh4 Nbd7 8. Rc1 c6 9. Bd3 dxc4 10. Bxc4 Nd5
11. Bxe7 Qxe7 12. O-O Nxc3 13. Rxc3 e5 14. dxe5 Nxe5 15. Nxe5 Qxe5 16. f4 Qe4 17. Bb3 Be6 18. Bc2 Qb4 19. Qd3 f5 20. Bb3 Qe7
21. Qd4= Bxb3 22. Rxb3 b6 23. Qc4+ Kh8 24. Qxc6 Rac8 25. Qd5=
1/2-1/2

[Event "Queen's Gambit"]
[Site "SchemingMind.com"]
[Date "2008.03.22"]
[Round "-"]
[White "egis"]
[Black "maaac"]
[Result "1-0"]
[WhiteCountry "LTU"]
[BlackCountry "AUS"]
[WhiteElo "2002"]
[WhiteRD "85"]
[BlackElo "1886"]
[BlackRD "78"]
[GameID "146475"]

1. d4 d5 2. c4 e6 3. Nc3 Nf6 4. cxd5 exd5 5. Bg5 Be7 6. Nf3 O-O 7. e3 Bg4 8. h3 Bh5 9. Be2 Nbd7 10. O-O Re8
11. a4 Nf8 12. a5 c6 13. Ne5 Bxe2 14. Qxe2 Ng6 15. Nxg6 hxg6 16. Bxf6 Bxf6 17. Qd3 Qd6 18. Rfc1 Bd8 19. a6 b6 20. Rcb1 Bc7
21. f4 Re7 22. Rf1 Rae8 23. Rf3 g5 24. fxg5 c5 25. dxc5 bxc5 26. Nxd5 Rd7 27. Rd1 Red8 28. Rf5 Kf8 29. e4 g6 30. Rf6 Qe5
31. b3 Qxg5 32. Rf3 Qe5 33. Kf2 Re8 34. Qc3 Qxc3 35. Rxc3 Rxe4 36. Rxc5 Bb6 37. Kf3 f5 38. Rc8+ Kg7 39. Rb8 Re5 40. Rb7 Ree7
41. Nxb6 Rxb7 42. axb7 Rxb7 43. Rd7+
1-0

[Event "Queen's Gambit"]
[Site "SchemingMind.com"]
[Date "2008.03.22"]
[Round "-"]
[White "maaac"]
[Black "egis"]
[Result "0-1"]
[WhiteCountry "AUS"]
[BlackCountry "LTU"]
[WhiteElo "1930"]
[WhiteRD "71"]
[BlackElo "2029"]
[BlackRD "75"]
[GameID "146477"]

1. d4 d5 2. c4 dxc4 3. e4 e5 4. Nf3 Bb4+ 5. Bd2 Bxd2+ 6. Nbxd2 exd4 7. Bxc4 c5 8. O-O Nf6 9. e5 Nh5 10. Ne4 O-O
11. Nfg5 Nf4 12. Qf3 Be6 13. Qxf4 Bxc4 14. Rfc1 Bd5 15. Rxc5 Bxe4 16. Nxe4 Qb6 17. Nf6+ Kh8 18. Qh4 gxf6 19. Qh6 Nd7 20. Rd5 Nxe5
21. f4 Ng4 22. Qh4 d3+ 23. Kh1 Qxb2
0-1

[Event "Queen's Gambit"]
[Site "SchemingMind.com"]
[Date "2008.03.22"]
[Round "-"]
[White "TRFz"]
[Black "egis"]
[Result "1-0"]
[WhiteCountry "GBR"]
[BlackCountry "LTU"]
[WhiteElo "2272"]
[WhiteRD "67"]
[BlackElo "1979"]
[BlackRD "70"]
[GameID "146478"]

1. d4 d5 2. c4 c6 3. Nc3 Nf6 4. Nf3 dxc4 5. a4 Bf5 6. e3 e6 7. Bxc4 Bd6 8. O-O O-O 9. Qe2 Bb4 10. e4 Bg4
11. Rd1 Nbd7 12. Bf4 Nh5 13. Be3 Qf6 14. h3 Bxf3 15. Qxf3 Qxf3 16. gxf3 a5 17. Rac1 b6 18. Be2 c5 19. Na2 Ndf6 20. Nxb4 cxb4
21. Rc6 Rab8 22. Rdc1 Rfe8 23. f4 g6 24. f3 Ng3 25. Bb5 Ngh5 26. Kf2 Rf8 27. Ke2 Ng3+ 28. Kd3 Rfd8 29. Bf2 Ngh5 30. Ke3 Kg7
31. Bh4 Rg8 32. Rc7 Rgd8 33. R1c4 h6 34. Rc2 Rh8 35. R2c6 Ne8 36. Ra7 Kg8 37. Rxb6 Rxb6 38. Bxe8 Rh7 39. Ra8 Rg7 40. Bd8 Rb7
41. Bc6 f5 42. Bf6+ Kh7 43. Bxb7 Nxf6 44. Bc8 Re7 45. Rxa5 Nh5 46. Re5 Ra7 47. a5 Ng7 48. a6 g5 49. Rb5 Ra8 50. Bb7 Ra7
51. Rxb4 Kg8 52. Rc4 fxe4 53. fxe4 gxf4+ 54. Kxf4 Ne8 55. Ke5 Kf7 56. b4 Rxa6 57. Bxa6 Kg6 58. Bc8 Nf6 59. Bxe6 Nh5 60. b5 Kg5
61. b6 Ng7 62. b7 h5 63. b8=Q
1-0

[Event "Queen's Gambit"]
[Site "SchemingMind.com"]
[Date "2008.03.20"]
[Round "-"]
[White "Kenny Elliott"]
[Black "maaac"]
[Result "1/2-1/2"]
[WhiteCountry "USA"]
[BlackCountry "AUS"]
[WhiteElo "1541"]
[WhiteRD "88"]
[BlackElo "1930"]
[BlackRD "71"]
[GameID "146891"]

1. d4 d5 2. c4 e6 3. Nc3 Nf6 4. Nf3 Be7 5. e3 O-O 6. Bd3 c5 7. O-O Nc6 8. a3 cxd4 9. exd4 dxc4 10. Bxc4 b6
11. b4 Bb7 12. Bf4 Nb8 13. Ne5 Nd5 14. Nxd5 Bxd5 15. Bxd5 Qxd5 16. Qd3 Nc6 17. Nxc6 Qxc6 18. Rfc1 Qd5 19. Rc2 Rac8 20. Rac1 Qd7
21. h3 Rxc2 22. Rxc2 Rc8 23. Rxc8+ Qxc8 24. Qg3 b5 25. Bh6 Bf8 26. Bf4 Qc4 27. Be5 a6 28. Kh2 Qd5 29. h4 Qe4 30. Qc3 Qxh4+
31. Kg1 Qe4 32. f3 Qd5 33. Qe3 f6 34. Bg3 g5 35. Kh2 h5 36. Bf2 Bd6+ 37. g3 Kg7 38. Kh3 Kg6 39. Qd3+ Qf5+ 40. Qxf5+ Kxf5
41. g4+ hxg4+ 42. fxg4+ Kf4 43. Bg3+ Ke4 44. Bxd6 Kxd4 45. Be7 f5 46. gxf5 exf5 47. Bxg5 Kc3 48. Kg3 Kb3=
1/2-1/2

[Event "Queen's Gambit"]
[Site "SchemingMind.com"]
[Date "2008.03.25"]
[Round "-"]
[White "Kenny Elliott"]
[Black "egis"]
[Result "0-1"]
[WhiteCountry "USA"]
[BlackCountry "LTU"]
[WhiteElo "1506"]
[WhiteRD "83"]
[BlackElo "1989"]
[BlackRD "81"]
[GameID "146892"]

1. d4 d5 2. c4 c6 3. Nf3 Nf6 4. Nc3 dxc4 5. e3 b5 6. g3 Bg4 7. Bg2 e6 8. O-O Bd6 9. e4 Nfd7 10. Be3 O-O
11. h3 Bxf3 12. Qxf3 a6 13. Qg4 Nf6 14. Qe2 Be7 15. e5 Nd5 16. Nxd5 cxd5 17. Qg4 g6 18. Bh6 Re8 19. f4 Nc6 20. Rad1 Bb4
21. a3 Ba5 22. h4 Qe7 23. h5 Bb6 24. Kh2 Bxd4 25. hxg6 hxg6 26. Bg5 Qf8 27. Bf6 Qh6+ 28. Bh3 b4 29. Rf3 bxa3 30. bxa3 a5
31. Bg5 Qh7 32. Kg2 Rab8 33. Rff1 Rb2+ 34. Kh1 Ra2 35. Rf3 Rf8 36. Bh4 Rb8 37. Rxd4 Nxd4 38. Rf1 Rbb2 39. Rd1 f5 40. exf6 Rh2+
41. Kg1 Nf3+ 42. Qxf3 Qa7+
0-1

[Event "Queen's Gambit"]
[Site "SchemingMind.com"]
[Date "2008.03.22"]
[Round "-"]
[White "Kenny Elliott"]
[Black "TRFz"]
[Result "0-1"]
[WhiteCountry "USA"]
[BlackCountry "GBR"]
[WhiteElo "1578"]
[WhiteRD "82"]
[BlackElo "2083"]
[BlackRD "55"]
[GameID "146893"]

1. d4 d5 2. c4 e5 3. dxe5 d4 4. Nf3 Nc6 5. g3 Bf5 6. Bg2 Qd7 7. O-O Bh3 8. Qb3 Bxg2 9. Kxg2 O-O-O 10. Bg5 Be7
11. Bxe7 Ngxe7 12. Nbd2 Ng6 13. a4 Ngxe5 14. a5 a6 15. Qa3 h5 16. h4 d3 17. exd3 Nxd3 18. Rfd1 Qf5 19. c5 g5 20. hxg5 h4
21. Nxh4 Qxf2+ 22. Kh3 Nf4+ 23. Kg4 Ne5+ 24. Kf5 Nfd3+ 25. Ndf3 Nxf3 26. Rxd3 Nxh4+ 27. Kg4 Qf5#
0-1

[Event "Queen's Gambit"]
[Site "SchemingMind.com"]
[Date "2008.03.20"]
[Round "-"]
[White "maaac"]
[Black "Kenny Elliott"]
[Result "1-0"]
[WhiteCountry "AUS"]
[BlackCountry "USA"]
[WhiteElo "1881"]
[WhiteRD "76"]
[BlackElo "1533"]
[BlackRD "85"]
[GameID "146894"]

1. d4 d5 2. c4 c6 3. Nc3 e6 4. Nf3 Nf6 5. Bg5 Be7 6. e3 O-O 7. Bd3 Nbd7 8. O-O h6 9. Bh4 dxc4 10. Bxc4 Bd6
11. Qe2 g5 12. Bg3 Bxg3 13. hxg3 Nb6 14. Bb3 Qc7 15. Rac1 Re8 16. e4 Nbd7 17. e5 Nd5 18. Nxd5 exd5 19. Bxd5 Qa5 20. Bb3 g4
21. Nh4 Nxe5 22. dxe5 Rxe5 23. Qc4 Be6 24. Qf4 Bxb3 25. axb3 Rg5 26. Rfe1 Rf8 27. Re7 Qb6 28. Nf5 Kh7 29. b4 Qd8 30. Rce1 Qd5
31. Nxh6 Kxh6 32. R1e5 Qd1+ 33. Kh2 Rg8 34. Rxf7 Rg6 35. Ree7 Kh5 36. Rh7+ Rh6 37. Rxh6+ Kxh6 38. Qf6+ Rg6 39. Qh4#
1-0

[Event "Queen's Gambit"]
[Site "SchemingMind.com"]
[Date "2008.03.25"]
[Round "-"]
[White "egis"]
[Black "Kenny Elliott"]
[Result "1-0"]
[WhiteCountry "LTU"]
[BlackCountry "USA"]
[WhiteElo "1983"]
[WhiteRD "86"]
[BlackElo "1531"]
[BlackRD "85"]
[GameID "146895"]

1. d4 d5 2. c4 e6 3. Nc3 Nf6 4. cxd5 exd5 5. Bg5 Be7 6. e3 O-O 7. Nf3 Bg4 8. Be2 h6 9. Bxf6 Bxf6 10. O-O Nc6
11. Bb5 Ne7 12. b3 c6 13. Be2 Ng6 14. a4 a6 15. Bd3 Nh4 16. Be2 Nxf3+ 17. Bxf3 Bf5 18. Qd2 Qd6 19. Ne2 c5 20. Nc3 Be6
21. Qd3 cxd4 22. exd4 Qb6 23. Ne2 g5 24. g3 Rad8 25. a5 Qd6 26. Nc3 Qb4 27. Ne2 Rc8 28. Bh5 Bg7 29. Rfb1 Rc7 30. Ra4 Qe7
31. b4 Rc4 32. Qe3 Qd6 33. Rb2 Bd7 34. Ra1 Rxb4 35. Qa3 Bb5 36. Rxb4 Qe6 37. Re1 Qh3 38. Bf3 Qf5 39. Bg2 Re8 40. Qa2 h5
41. Bxd5 Rxe2 42. Rxe2 Bxe2 43. Rxb7
1-0

[Event "Queen's Gambit"]
[Site "SchemingMind.com"]
[Date "2008.03.20"]
[Round "-"]
[White "TRFz"]
[Black "Kenny Elliott"]
[Result "1-0"]
[WhiteCountry "GBR"]
[BlackCountry "USA"]
[WhiteElo "2083"]
[WhiteRD "55"]
[BlackElo "1578"]
[BlackRD "82"]
[GameID "146896"]

1. d4 d5 2. c4 c6 3. Nc3 Nf6 4. Nf3 dxc4 5. a4 Bf5 6. e3 e6 7. Bxc4 Bb4 8. O-O Bd6 9. Qe2 O-O 10. e4 Bxe4
11. Nxe4 Nd5 12. Nxd6 Qxd6 13. b3 Nd7 14. Ba3 c5 15. dxc5 Nxc5 16. Qc2 Rfc8 17. Ng5 g6 18. Ne4 Qb6 19. a5 Qxa5 20. Bxc5 Rxc5
21. Rxa5 Rxa5 22. Bxd5 Rxd5 23. Nf6+
1-0

[Event "Queen's Gambit"]
[Site "SchemingMind.com"]
[Date "2008.03.22"]
[Round "-"]
[White "Wolli"]
[Black "Kenny Elliott"]
[Result "1-0"]
[WhiteCountry "GER"]
[BlackCountry "USA"]
[WhiteElo "1886"]
[WhiteRD "75"]
[BlackElo "1541"]
[BlackRD "89"]
[GameID "147003"]

1. d4 d5 2. c4 e6 3. Nc3 Nf6 4. Bg5 Be7 5. Nf3 h6 6. Bh4 O-O 7. e3 Nc6 8. Rc1 Bd7 9. Bd3 Nb4 10. Be2 dxc4
11. Bxc4 a6 12. O-O b5 13. Bb3 Qb8 14. a3 Nc6 15. Ba2 Na5 16. b4 Nb7 17. Ne5 Qd8 18. d5 Bd6 19. Nxd7 Qxd7 20. Bxf6 gxf6
21. Qg4+ Kh8 22. dxe6 fxe6 23. Qxe6 Qxe6 24. Bxe6 Rfe8 25. Bd5 Rab8 26. Ne4 Kg7 27. Nxd6 cxd6 28. Rc7+ Kg6 29. Bxb7 Red8 30. Rd1 h5
31. Be4+ Kh6 32. Rh7+ Kg5 33. Rd5+
1-0

[Event "Queen's Gambit"]
[Site "SchemingMind.com"]
[Date "2008.03.21"]
[Round "-"]
[White "Wolli"]
[Black "maaac"]
[Result "1/2-1/2"]
[WhiteCountry "GER"]
[BlackCountry "AUS"]
[WhiteElo "1868"]
[WhiteRD "76"]
[BlackElo "1930"]
[BlackRD "71"]
[GameID "147004"]

1. d4 d5 2. c4 e6 3. Nc3 Be7 4. cxd5 exd5 5. Bf4 Nf6 6. e3 O-O 7. Bd3 Bg4 8. Nf3 Nbd7 9. O-O c6 10. h3 Bh5
11. Rc1 Re8 12. a3 a5 13. Na4 Ne4 14. Be2 Bf8 15. Nd2 Bxe2 16. Qxe2 Nxd2 17. Qxd2 Nf6 18. Bh2 Ne4 19. Qe2 Qg5 20. Nc3 h6
21. Nxe4 dxe4 22. Bc7 a4 23. Qc4 Qe7 24. Bb6 Qe6 25. Qxe6= Rxe6 26. Bc7 f5 27. Rfd1 Rc8 28. Be5 Rd8 29. Rc4 Ra8 30. Bg3 Ree8
31. Bc7 Kf7 32. d5 Rec8 33. d6 Ke6 34. d7 Rxc7 35. d8=Q Rxd8 36. Rxd8 b5 37. Rcd4 Be7 38. Rg8 Bf6 39. Rd2 Rd7 40. Re8+ Be7
41. Rc2 Rd6 42. Kf1 Kd7 43. Ra8 Bf6 44. Ke2 Rd3 45. Ra7+ Kd6 46. Ra6 Rb3 47. Raxc6+ Kd7 48. Rc7+ Kd8=
1/2-1/2

[Event "Queen's Gambit"]
[Site "SchemingMind.com"]
[Date "2008.03.25"]
[Round "-"]
[White "Wolli"]
[Black "egis"]
[Result "0-1"]
[WhiteCountry "GER"]
[BlackCountry "LTU"]
[WhiteElo "1826"]
[WhiteRD "76"]
[BlackElo "1989"]
[BlackRD "81"]
[GameID "147005"]

1. d4 d5 2. c4 c6 3. Nf3 Nf6 4. Nc3 e6 5. e3 Bd6 6. Bd3 O-O 7. O-O a5 8. c5 Be7 9. Na4 Bd7 10. Nb6 Ra7
11. Ne5 Qc7 12. h3 Bc8 13. Bd2 Bxc5 14. Nxc8 Rxc8 15. Nxf7 Qxf7 16. dxc5 Nbd7 17. Rc1 Ne5 18. Be2 Ne4 19. Be1 Qe7 20. Qc2 Nd7
21. b4 axb4 22. Bxb4 Ndf6 23. a3 Rb8 24. f3 Ng3 25. Rfe1 Qf7 26. Bd3 h6 27. Bg6 Qc7 28. e4 dxe4 29. fxe4 Qf4 30. e5 Nd5
31. Bh7+ Kh8 32. Bd2 Qd4+ 33. Kh2 Rxa3 34. Rcd1 Qh4 35. Bg6 Nf4 36. Bxf4 Qxf4 37. Kg1 Rf8 38. Rd3 Rxd3 39. Bxd3 Qd4+ 40. Kh2 Rf2
0-1

[Event "Queen's Gambit"]
[Site "SchemingMind.com"]
[Date "2008.03.21"]
[Round "-"]
[White "Wolli"]
[Black "TRFz"]
[Result "1/2-1/2"]
[WhiteCountry "GER"]
[BlackCountry "GBR"]
[WhiteElo "1846"]
[WhiteRD "77"]
[BlackElo "2160"]
[BlackRD "61"]
[GameID "147006"]

1. d4 d5 2. c4 e5 3. dxe5 d4 4. Nf3 Nc6 5. g3 Bf5 6. Bg2 Qd7 7. O-O O-O-O 8. Qa4 Kb8 9. Nbd2 Bh3 10. Nb3 Bxg2
11. Kxg2 f6 12. exf6 Nxf6 13. Bg5 Qf5 14. Bxf6 Qxf6 15. Rfd1 g5 16. Nbxd4 Nxd4 17. Nxd4 Bc5 18. e3 h5=
1/2-1/2

[Event "Queen's Gambit"]
[Site "SchemingMind.com"]
[Date "2008.03.22"]
[Round "-"]
[White "Kenny Elliott"]
[Black "Wolli"]
[Result "0-1"]
[WhiteCountry "USA"]
[BlackCountry "GER"]
[WhiteElo "1541"]
[WhiteRD "89"]
[BlackElo "1886"]
[BlackRD "75"]
[GameID "147007"]

1. d4 d5 2. c4 e6 3. Nc3 Be7 4. Nf3 Nf6 5. Bf4 O-O 6. e3 c5 7. dxc5 Bxc5 8. Bd3 dxc4 9. Bxc4 a6 10. O-O b5
11. Qxd8 Rxd8 12. Rad1 Rxd1 13. Rxd1 Nbd7 14. Bb3 Bb7 15. Ne5 Nxe5 16. Bxe5 Rc8 17. Bxf6 gxf6 18. h4 Kf8 19. a3 Ke7 20. Kh2 Bxa3
21. Nxb5 Bxb2 22. Nd6 Be5+ 23. g3 Bxd6 24. Ba4 Bf3 25. Ra1 Be2 26. Kh3 a5 27. f4 Bb4 28. Ra2 Bf3 29. Rf2 Be4 30. h5 Rc3
31. Kh4 Rxe3 32. g4 Be1
0-1

[Event "Queen's Gambit"]
[Site "SchemingMind.com"]
[Date "2008.03.21"]
[Round "-"]
[White "maaac"]
[Black "Wolli"]
[Result "1-0"]
[WhiteCountry "AUS"]
[BlackCountry "GER"]
[WhiteElo "1881"]
[WhiteRD "76"]
[BlackElo "1846"]
[BlackRD "77"]
[GameID "147008"]

1. d4 d5 2. c4 e6 3. Nc3 Be7 4. Nf3 Nf6 5. Bg5 h6 6. Bh4 O-O 7. e3 Nbd7 8. Bd3 dxc4 9. Bxc4 a6 10. a4 c5
11. O-O cxd4 12. exd4 Nb6 13. Bb3 Nbd5 14. Ne5 Bd7 15. Re1 Nxc3 16. bxc3 b5 17. Qd3 bxa4 18. Bc2 Bb5 19. c4 Be8 20. Bxf6
1-0

[Event "Queen's Gambit"]
[Site "SchemingMind.com"]
[Date "2008.03.25"]
[Round "-"]
[White "egis"]
[Black "Wolli"]
[Result "1/2-1/2"]
[WhiteCountry "LTU"]
[BlackCountry "GER"]
[WhiteElo "1983"]
[WhiteRD "86"]
[BlackElo "1818"]
[BlackRD "77"]
[GameID "147009"]

1. d4 d5 2. c4 e6 3. Nc3 Be7 4. Nf3 Nf6 5. Bg5 h6 6. Bh4 O-O 7. e3 Nbd7 8. Bd3 c5 9. O-O cxd4 10. Nxd4 dxc4
11. Bxc4 Ne5 12. Bb3 b6 13. Bg3 Ng6 14. Qb1 Bb7 15. Ndb5 a6 16. Nd4 Kh7 17. Bh4 Nd7 18. Bxe7 Qxe7 19. Bc2 f5 20. a4 Nh4
21. g3 Nf3+ 22. Nxf3 Bxf3 23. Bd1 Ne5 24. Qc2 h5 25. b3 Qg5 26. a5 b5 27. b4 Qg4 28. Bxf3 Nxf3+ 29. Kg2 Rf6 30. Rfd1 Nh4+
31. Kg1 Nf3+=
1/2-1/2

[Event "Queen's Gambit"]
[Site "SchemingMind.com"]
[Date "2008.03.21"]
[Round "-"]
[White "TRFz"]
[Black "Wolli"]
[Result "1/2-1/2"]
[WhiteCountry "GBR"]
[BlackCountry "GER"]
[WhiteElo "2167"]
[WhiteRD "55"]
[BlackElo "1868"]
[BlackRD "76"]
[GameID "147010"]

1. d4 d5 2. c4 e6 3. Nc3 Be7 4. Nf3 Nf6 5. Bg5 h6 6. Bh4 O-O 7. e3 b6 8. cxd5 Nxd5 9. Nxd5 exd5 10. Bxe7 Qxe7
11. Rc1 Be6 12. Qa4 c5 13. Qa3 Rc8 14. Bb5 Qb7 15. O-O c4 16. Qc3 a6 17. Ba4 b5 18. Bc2 b4 19. Qd2 Nd7 20. Ne5 Nf6
21. f3=
1/2-1/2

[Event "Queen's Gambit"]
[Site "SchemingMind.com"]
[Date "2008.03.22"]
[Round "-"]
[White "Dr_Pat"]
[Black "Kenny Elliott"]
[Result "1-0"]
[WhiteCountry "USA"]
[BlackCountry "USA"]
[WhiteElo "1992"]
[WhiteRD "50"]
[BlackElo "1533"]
[BlackRD "85"]
[GameID "147128"]

1. d4 d5 2. c4 dxc4 3. Nf3 Nf6 4. e3 e6 5. Bxc4 c5 6. O-O Bd6 7. dxc5 Bxc5 8. Qxd8+ Kxd8 9. Nc3 Ke7 10. e4 Rd8
11. e5 Nfd7 12. Bf4 Nb6 13. Bb3 Kf8 14. Rfd1 N8d7 15. Rac1 Kg8 16. Bg5 Rf8 17. Ne4 h6 18. Bh4 Nd5 19. Nxc5 Nxc5 20. Rxc5 b6
21. Bxd5 exd5 22. Rcxd5 Be6 23. Rd6 Bxa2 24. Nd4 a5 25. Rxb6 a4 26. Ra1 Rfd8 27. Bxd8 Rxd8 28. Rd6 Rc8 29. Nc6
1-0

[Event "Queen's Gambit"]
[Site "SchemingMind.com"]
[Date "2008.03.21"]
[Round "-"]
[White "Dr_Pat"]
[Black "maaac"]
[Result "1-0"]
[WhiteCountry "USA"]
[BlackCountry "AUS"]
[WhiteElo "1929"]
[WhiteRD "48"]
[BlackElo "1865"]
[BlackRD "71"]
[GameID "147129"]

1. d4 d5 2. c4 e6 3. Nc3 Nf6 4. Bg5 Be7 5. e3 O-O 6. Nf3 Nbd7 7. Rc1 c6 8. Bd3 h6 9. Bh4 dxc4 10. Bxc4 Nd5
11. Bxe7 Qxe7 12. O-O Nxc3 13. Rxc3 e5 14. Bb3 exd4 15. exd4 Nf6 16. Re1 Qd6 17. Ne5 Bf5 18. Rf3 Bh7 19. Nxf7 Rxf7 20. Bxf7+ Kxf7
21. Qb3+ Kf8 22. Qxb7 Re8 23. Rxe8+ Kxe8 24. Qxg7 Qxd4 25. h3
1-0

[Event "Queen's Gambit"]
[Site "SchemingMind.com"]
[Date "2008.03.21"]
[Round "-"]
[White "Dr_Pat"]
[Black "Wolli"]
[Result "1-0"]
[WhiteCountry "USA"]
[BlackCountry "GER"]
[WhiteElo "1929"]
[WhiteRD "48"]
[BlackElo "1891"]
[BlackRD "78"]
[GameID "147131"]

1. d4 d5 2. c4 e6 3. Nc3 Be7 4. Nf3 Nf6 5. Bg5 h6 6. Bh4 O-O 7. e3 b6 8. cxd5 Nxd5 9. Bxe7 Qxe7 10. Nxd5 exd5
11. Rc1 Be6 12. Qc2 Rc8 13. Bd3 Nd7 14. Ba6 c5 15. Bxc8 Rxc8 16. O-O c4 17. Rfe1 b5 18. Ne5 a5 19. f3 b4 20. Qd2 Qg5
21. Nxd7 Bxd7 22. a3 Bh3 23. axb4 axb4 24. Kh1 c3 25. bxc3 bxc3 26. Qa2 Bf5 27. Qxd5 c2 28. Qb5
1-0

[Event "Queen's Gambit"]
[Site "SchemingMind.com"]
[Date "2008.03.21"]
[Round "-"]
[White "Dr_Pat"]
[Black "TRFz"]
[Result "0-1"]
[WhiteCountry "USA"]
[BlackCountry "GBR"]
[WhiteElo "1929"]
[WhiteRD "48"]
[BlackElo "2111"]
[BlackRD "61"]
[GameID "147132"]

1. d4 d5 2. c4 e5 3. dxe5 d4 4. Nf3 Nc6 5. g3 Bf5 6. Bg2 Qd7 7. O-O O-O-O 8. Qa4 Kb8 9. e3 d3 10. Nc3 Bg4
11. Qb3 Bxf3 12. Bxf3 Na5 13. Qd1 Nxc4 14. Qb3 Na5 15. Qd1 f6
0-1

[Event "Queen's Gambit"]
[Site "SchemingMind.com"]
[Date "2008.03.22"]
[Round "-"]
[White "Kenny Elliott"]
[Black "Dr_Pat"]
[Result "0-1"]
[WhiteCountry "USA"]
[BlackCountry "USA"]
[WhiteElo "1533"]
[WhiteRD "85"]
[BlackElo "1992"]
[BlackRD "50"]
[GameID "147133"]

1. d4 d5 2. c4 c6 3. Nc3 Nf6 4. Nf3 e6 5. Bg5 h6 6. Bxf6 Qxf6 7. e3 Nd7 8. cxd5 exd5 9. Be2 Bd6 10. O-O Qe7
11. a3 O-O 12. Qd3 Re8 13. Rfe1 Nf6 14. h3 Ne4 15. Bd1 Qf6 16. Bc2 Bxh3 17. gxh3 Qxf3 18. Qf1 Re6 19. Nxe4 dxe4 20. Qc4 Rg6+
21. Kf1 Qxh3+ 22. Ke2 Qf3+ 23. Kd2 Rg2 24. Rf1 Rxf2+ 25. Rxf2 Qxf2+ 26. Kc3 Qxe3+ 27. Bd3 b5
0-1

[Event "Queen's Gambit"]
[Site "SchemingMind.com"]
[Date "2008.03.21"]
[Round "-"]
[White "maaac"]
[Black "Dr_Pat"]
[Result "0-1"]
[WhiteCountry "AUS"]
[BlackCountry "USA"]
[WhiteElo "1865"]
[WhiteRD "71"]
[BlackElo "1929"]
[BlackRD "48"]
[GameID "147134"]

1. d4 d5 2. c4 c6 3. Nc3 e6 4. Nf3 dxc4 5. a4 Bb4 6. e4 b5 7. Be2 Nf6 8. Qc2 Bb7 9. O-O a6 10. Bg5 h6
11. Bh4 Nbd7 12. e5 g5 13. Nxg5 hxg5 14. Bxg5 Qc7 15. Bf3 Nd5 16. Ne4 f6 17. Bf4 Nxf4
0-1

[Event "Queen's Gambit"]
[Site "SchemingMind.com"]
[Date "2008.03.21"]
[Round "-"]
[White "Wolli"]
[Black "Dr_Pat"]
[Result "0-1"]
[WhiteCountry "GER"]
[BlackCountry "USA"]
[WhiteElo "1891"]
[WhiteRD "78"]
[BlackElo "1929"]
[BlackRD "48"]
[GameID "147136"]

1. d4 d5 2. c4 c6 3. Nf3 Nf6 4. Nc3 e6 5. Bg5 h6 6. Bh4 dxc4 7. e4 g5 8. Bg3 b5 9. Be2 Bb7 10. h4 g4
11. Ne5 h5 12. O-O Nbd7 13. Qc2 Nxe5 14. Bxe5 Bg7 15. Rad1 O-O 16. Bg3 Nd7 17. f3 Qb6 18. Kh1 c5 19. d5 Ne5 20. fxg4 Nxg4
21. Bxg4 hxg4 22. Rf4 Rad8 23. Rxg4 exd5 24. exd5 f5 25. Rf4 Qg6 26. Bf2 Bxc3 27. Qxc3 Bxd5 28. Rg1 Be4 29. Bxc5 Rd3
0-1

[Event "Queen's Gambit"]
[Site "SchemingMind.com"]
[Date "2008.03.21"]
[Round "-"]
[White "TRFz"]
[Black "Dr_Pat"]
[Result "1-0"]
[WhiteCountry "GBR"]
[BlackCountry "USA"]
[WhiteElo "2160"]
[WhiteRD "61"]
[BlackElo "1992"]
[BlackRD "50"]
[GameID "147137"]

1. d4 d5 2. c4 c6 3. Nc3 Nf6 4. Nf3 e6 5. Bg5 h6 6. Bh4 dxc4 7. e4 g5 8. Bg3 b5 9. Be2 Bb7 10. O-O Nbd7
11. d5 cxd5 12. Nxb5 Nxe4 13. Nc7+ Ke7 14. Nxa8 Bg7 15. Nc7 Nxg3 16. Nxd5+ Bxd5 17. hxg3
1-0

[Event "Queen's Gambit"]
[Site "SchemingMind.com"]
[Date "2008.03.24"]
[Round "-"]
[White "e_castle3"]
[Black "Kenny Elliott"]
[Result "1-0"]
[WhiteCountry "PHI"]
[BlackCountry "USA"]
[WhiteElo "1780"]
[WhiteRD "66"]
[BlackElo "1560"]
[BlackRD "91"]
[GameID "147204"]

1. d4 d5 2. c4 c6 3. Nf3 Nf6 4. Nc3 e6 5. e3 Bd6 6. cxd5 exd5 7. Bd3 O-O 8. O-O Bg4 9. h3 Bxf3 10. Qxf3 Nbd7
11. Bd2 Re8 12. a3 Qb6 13. b4 Qc7 14. Rfc1 b5 15. Nxb5 Qb8 16. Nxd6 Qxd6 17. Rc2 Ne4 18. Be1 Nb6 19. Rac1 Rac8 20. Qf5 g6
21. Qg4 Nf6 22. Qf3 Ne4 23. Ba6 Rc7 24. Bd3 Ng5 25. Qg4 Ne6 26. h4 Nd7 27. a4 Nf6 28. Qf3 Nh5 29. Qe2 Qd7 30. f4 Nexf4
31. Qd2 Nxd3 32. Qxd3 Rec8 33. Qe2 Qd6 34. Qf3 Qe7 35. g4 Nf6 36. Bg3 Rb7 37. Rxc6 Rxc6 38. Rxc6 Qxb4 39. Rxf6 Qxa4 40. Qxd5 Qd1+
41. Rf1 Qxg4 42. Qxb7 Qxg3+ 43. Qg2 Qxe3+ 44. Qf2
1-0

[Event "Queen's Gambit"]
[Site "SchemingMind.com"]
[Date "2008.03.26"]
[Round "-"]
[White "e_castle3"]
[Black "maaac"]
[Result "0-1"]
[WhiteCountry "PHI"]
[BlackCountry "AUS"]
[WhiteElo "1745"]
[WhiteRD "66"]
[BlackElo "1906"]
[BlackRD "70"]
[GameID "147205"]

1. d4 d5 2. c4 e6 3. Nf3 Be7 4. e3 Nf6 5. Nc3 O-O 6. Bd3 c5 7. cxd5 exd5 8. dxc5 Bxc5 9. h3 Nc6 10. a3 d4
11. exd4 Re8+ 12. Be2 Nxd4 13. Nxd4 Bxd4 14. O-O Bxc3 15. bxc3 Qxd1 16. Bxd1 Bf5 17. Be3 a6 18. Bf3 Be4 19. Be2 Rac8 20. c4 Bc6
21. Rfd1 Rcd8 22. Rxd8 Rxd8 23. Kf1 Ne4 24. Rc1 Kf8 25. Bf3 Nd2+ 26. Bxd2 Rxd2 27. Bxc6 bxc6 28. Rc3 c5 29. Ke1 Ra2 30. g4 g5
31. Kf1 Kg7 32. Kg2 a5 33. Kg3 a4 34. f4 h6 35. h4 f6 36. f5 Kf7 37. hxg5 hxg5 38. Kf3 Rb2 39. Kg3= Rb3 40. Rf3 Ke7
41. Kf2 Kd6 42. Ke2 Rb2+ 43. Kd3 Ke5 44. Re3+ Kf4 45. Re6 Rb3+ 46. Kc2 Kxg4 47. Rxf6 Rxa3 48. Rf8 Rf3 49. f6 Kf5 50. f7 Ke6
51. Ra8 Rxf7 52. Rxa4 Ke5 53. Ra6 Rg7 54. Kd3 g4 55. Rh6 g3 56. Rh1 g2 57. Rg1 Kf4 58. Ke2 Ke4 59. Kf2 Kd4 60. Rc1 g1=Q+
61. Rxg1 Rxg1 62. Kxg1 Kxc4 63. Kf2 Kd3
0-1

[Event "Queen's Gambit"]
[Site "SchemingMind.com"]
[Date "2008.03.24"]
[Round "-"]
[White "e_castle3"]
[Black "Dr_Pat"]
[Result "0-1"]
[WhiteCountry "PHI"]
[BlackCountry "USA"]
[WhiteElo "1774"]
[WhiteRD "75"]
[BlackElo "1929"]
[BlackRD "48"]
[GameID "147206"]

1. d4 d5 2. c4 c6 3. Nf3 Nf6 4. Nc3 e6 5. e3 Nbd7 6. cxd5 exd5 7. Bd3 Bd6 8. O-O O-O 9. Bd2 Re8 10. Qc2 Qe7
11. Ng5 h6 12. Nf3 Ne4 13. Bxe4 dxe4 14. Ne1 Nf6 15. f4 h5 16. Rd1 h4 17. Bc1 h3 18. g3 Bg4 19. Rd2 b5 20. a3 a5
21. Nd1 Qd7 22. Nf2 Bh5 23. b3 Nd5 24. Nd1 Rac8 25. Rdf2 c5 26. Qb2 Bxd1 27. Bd2 cxd4 28. Qxd4 Bc5
0-1